[Event "8th EUR-ch"]
[Site "Dresden GER"]
[Date "2007.04.13"]
[Round "10.87"]
[White "Bobras, Piotr"]
[Black "Rocha, Sergio"]
[Result "1-0"]
[WhiteElo "2545"]
[BlackElo "2400"]
[EventDate "2007.04.03"]
[PlyCount "47"]

1.e4 c5 2.Nf3 e6 3.d4 cxd4 4.Nxd4 Nf6 5.Nc3 Nc6 6.Ndb5 Bb4 7.a3 Bxc3+ 8.
Nxc3 d5 9.exd5 exd5 10.Bd3 Be6 11.O-O h6 12.Bf4 O-O 13.Re1 d4 14.Nb5 Nd5 
15.Qf3 Nxf4 16.Qxf4 Rc8 17.h4 a6 18.Nd6 Rc7 19.h5 Qg5 20.Qe4 g6 21.hxg6 
Bd5 22.gxf7+ Rcxf7 23.Nxf7 Rxf7 24.Qg6+ 1-0

[Event "8th EUR-ch"]
[Site "Dresden GER"]
[Date "2007.04.13"]
[Round "10.90"]
[White "Spiess, Gunter"]
[Black "Romanishin, Oleg"]
[Result "0-1"]
[WhiteElo "2398"]
[BlackElo "2542"]
[EventDate "2007.04.03"]
[PlyCount "108"]

1.d4 Nf6 2.c4 e6 3.Nf3 b6 4.g3 Bb4+ 5.Bd2 Be7 6.Bg2 Bb7 7.Nc3 O-O 8.O-O 
Na6 9.d5 exd5 10.Nd4 c6 11.cxd5 Nxd5 12.Nxd5 cxd5 13.Bc3 Nc7 14.Nf5 Bf6 
15.Rc1 Bc6 16.e3 Bxc3 17.Rxc3 Nb5 18.Rc2 Qf6 19.Nd4 Rac8 20.Qf3 Qxf3 21.
Bxf3 Nxd4 22.exd4 Bb7 23.Rfc1 Rc6 24.Bg4 Rd8 25.Rc3 Kf8 26.Bd1 Rc4 27.Bb3 
Rxd4 28.f4 Bc6 29.Re3 Rd2 30.Rc2 Rd1+ 31.Kf2 Rh1 32.h4 a5 33.Rd2 a4 34.Bd1
Rh2+ 35.Ke1 Rh1+ 36.Kf2 Re8 37.Rxe8+ Kxe8 38.Be2 Rc1 39.a3 Ke7 40.Ke3 Kd6 
41.Kd4 Rg1 42.Rd3 h6 43.Rc3 g6 44.Rd3 Rg2 45.Re3 f6 46.Bd3 Rxb2 47.Bxg6 b5
48.Rc3 b4 49.axb4 Rxb4+ 50.Kd3 d4 51.Ra3 Kc5 52.Bf7 Rb2 53.Ra2 Bb5+ 54.Ke4
f5+ 0-1

[Event "8th EUR-ch"]
[Site "Dresden GER"]
[Date "2007.04.13"]
[Round "10.92"]
[White "Golod, Vitali"]
[Black "Grunberg, Mihai-Lucian"]
[Result "1-0"]
[WhiteElo "2597"]
[BlackElo "2442"]
[EventDate "2007.04.03"]
[PlyCount "87"]

1.e4 Nf6 2.e5 Nd5 3.d4 d6 4.Nf3 dxe5 5.Nxe5 c6 6.Bc4 Nd7 7.Nf3 N7b6 8.Bb3 
a5 9.c3 Bf5 10.a3 e6 11.O-O Be7 12.Re1 O-O 13.Nbd2 c5 14.Nf1 a4 15.Ba2 Bg4
16.dxc5 Bxc5 17.h3 Bh5 18.Ng3 Bg6 19.Ne5 Qf6 20.Qe2 Nf4 21.Bxf4 Qxf4 22.
Nxg6 hxg6 23.Ne4 Be7 24.Qb5 Qc7 25.Rad1 Rad8 26.g3 Qc6 27.Qe2 Rxd1 28.Rxd1
Rd8 29.Rxd8+ Bxd8 30.h4 Be7 31.Bb1 Qd5 32.Nd2 Bc5 33.Be4 Qd7 34.Nf3 Qc7 
35.Kg2 Be7 36.Qb5 Nc4 37.Bd3 Nb6 38.Qe8+ Bf8 39.Bxg6 Nc4 40.Ng5 fxg6 41.
Qxg6 Qc6+ 42.Kh2 Bc5 43.Qf7+ Kh8 44.Nxe6 1-0

[Event "8th EUR-ch"]
[Site "Dresden GER"]
[Date "2007.04.13"]
[Round "10.93"]
[White "Skoberne, Jure"]
[Black "Potkin, Vladimir"]
[Result "1/2-1/2"]
[WhiteElo "2440"]
[BlackElo "2593"]
[EventDate "2007.04.03"]
[PlyCount "24"]

1.c4 Nf6 2.Nf3 c6 3.d4 d5 4.Nc3 e6 5.Bg5 h6 6.Bxf6 Qxf6 7.e3 Nd7 8.Bd3 
dxc4 9.Bxc4 g6 10.O-O Bg7 11.a4 O-O 12.a5 Qe7 1/2-1/2

[Event "8th EUR-ch"]
[Site "Dresden GER"]
[Date "2007.04.13"]
[Round "10.94"]
[White "Popov, Valerij"]
[Black "Paehtz, Thomas"]
[Result "1-0"]
[WhiteElo "2589"]
[BlackElo "2427"]
[EventDate "2007.04.03"]
[PlyCount "77"]

1.d4 Nf6 2.c4 g6 3.Nc3 Bg7 4.e4 d6 5.Nf3 O-O 6.Be2 Bg4 7.Be3 Nfd7 8.Rc1 c5
9.d5 Na6 10.O-O Nc7 11.h3 Bxf3 12.Bxf3 a6 13.a4 e6 14.dxe6 Nxe6 15.Qxd6 
Be5 16.Qd2 Nd4 17.Bd1 Re8 18.b3 Bg7 19.f4 a5 20.Kh1 Ra6 21.Bf2 Kh8 22.Rb1 
Rae6 23.e5 f6 24.Bg4 f5 25.Bd1 g5 26.fxg5 Nxe5 27.Nd5 f4 28.Bh5 Ng6 29.
Nxf4 Nxf4 30.Qxf4 Rf8 31.Qg4 Re5 32.Bxd4 cxd4 33.g6 d3 34.Rxf8+ Qxf8 35.
Rd1 d2 36.Rxd2 Qe7 37.Kh2 Re3 38.g3 Be5 39.gxh7 1-0

[Event "8th EUR-ch"]
[Site "Dresden GER"]
[Date "2007.04.13"]
[Round "10.95"]
[White "Manca, Federico"]
[Black "Atalik, Suat"]
[Result "1/2-1/2"]
[WhiteElo "2424"]
[BlackElo "2584"]
[EventDate "2007.04.03"]
[PlyCount "146"]

1.e4 e6 2.d4 d5 3.Nc3 Nf6 4.Bg5 Bb4 5.e5 h6 6.Bd2 Bxc3 7.bxc3 Ne4 8.Qg4 g6
9.Bd3 Nxd2 10.Kxd2 Qe7 11.Nf3 Nd7 12.h4 a6 13.Rhb1 c5 14.Qf4 c4 15.Bf1 b5 
16.g3 Rb8 17.a3 a5 18.Bh3 Kd8 19.Ke2 Ba6 20.Kf1 Kc7 21.Kg2 Nb6 22.Re1 Rbg8
23.Bg4 Na4 24.Qd2 Bc8 25.Bh3 g5 26.hxg5 hxg5 27.Bg4 Bd7 28.Rh1 Rxh1 29.
Kxh1 Qf8 30.Kg2 Qh6 31.Rh1 Qg6 32.Re1 Be8 33.Re2 Kb7 34.Re1 Ka6 35.Re2 Qh6
36.Re1 Qg6 37.Re2 b4 38.axb4 axb4 39.cxb4 c3 40.Qc1 Bb5 41.Re1 Bc4 42.b5+ 
Bxb5 43.Qb1 Rb8 44.Qc1 Rg8 45.Qb1 Nb2 46.Qa2+ Ba4 47.Qa3 Rc8 48.Qd6+ Rc6 
49.Qb8 Qxc2 50.Ra1 Qe4 51.Qa8+ Kb5 52.Qb7+ Rb6 53.Qd7+ Kb4 54.Qe7+ Kb3 55.
Qa3+ Kc2 56.Re1 Qxg4 57.Re2+ Kb1 58.Re1+ Bd1 59.Qxc3 Rb5 60.Rxd1+ Ka2 61.
Re1 Rb3 62.Qa5+ Ra3 63.Ra1+ Kxa1 64.Qxa3+ Kb1 65.Qe3 Nc4 66.Qxg5 Qe4 67.
Qf4 Qe2 68.g4 Kc2 69.Qxf7 Ne3+ 70.Kg3 Nf1+ 71.Kg2 Ne3+ 72.Kg3 Nf1+ 73.Kg2 
Ne3+ 1/2-1/2

[Event "8th EUR-ch"]
[Site "Dresden GER"]
[Date "2007.04.13"]
[Round "10.96"]
[White "Azarov, Sergei"]
[Black "Sanikidze, Tornike"]
[Result "1-0"]
[WhiteElo "2571"]
[BlackElo "2426"]
[EventDate "2007.04.03"]
[PlyCount "50"]

1.e4 c5 2.Nf3 d6 3.d4 cxd4 4.Nxd4 Nf6 5.Nc3 Nc6 6.Bg5 e6 7.Qd2 Be7 8.O-O-O
Nxd4 9.Qxd4 O-O 10.Bc4 Bd7 11.f4 Qa5 12.Bb3 Bc6 13.Rhe1 Rfe8 14.Qf2 b5 15.
e5 dxe5 16.fxe5 b4 17.Bxf6 bxc3 18.Qg3 cxb2+ 19.Kb1 Bf8 20.Rd4 Bd5 21.c4 
Rab8 22.Rf1 Bc6 23.Bc2 Ba4 24.Bxh7+ Kxh7 25.Qh4+ Kg8 1-0

[Event "8th EUR-ch"]
[Site "Dresden GER"]
[Date "2007.04.13"]
[Round "10.97"]
[White "Swinkels, Robin"]
[Black "Palac, Mladen"]
[Result "1/2-1/2"]
[WhiteElo "2422"]
[BlackElo "2568"]
[EventDate "2007.04.03"]
[PlyCount "66"]

1.e4 c5 2.Nf3 d6 3.d4 cxd4 4.Nxd4 Nf6 5.Nc3 a6 6.Be3 e6 7.g4 e5 8.Nf5 h5 
9.Bg5 hxg4 10.Nd5 Bxf5 11.Bxf6 gxf6 12.exf5 Nd7 13.Bg2 Rh4 14.Qd3 Nb6 15.
Nc3 Qc7 16.O-O-O O-O-O 17.Bd5 Bh6+ 18.Kb1 Bg5 19.Ne4 Kb8 20.Qb3 Nxd5 21.
Qxd5 Qc6 22.Qxc6 bxc6 23.Rxd6 Rxd6 24.Nxd6 Kc7 25.Ne4 Rh3 26.a4 Rf3 27.a5 
Rxf5 28.Rd1 Bh4 29.Nc5 e4 30.Nxa6+ Kb7 31.Nb4 Rxa5 32.Rd7+ Kb6 33.Rxf7 Rf5
1/2-1/2

[Event "8th EUR-ch"]
[Site "Dresden GER"]
[Date "2007.04.13"]
[Round "10.99"]
[White "Danilov, Ilie-Vladimir"]
[Black "Novikov, Stanislav"]
[Result "1/2-1/2"]
[WhiteElo "2405"]
[BlackElo "2556"]
[EventDate "2007.04.03"]
[PlyCount "53"]

1.d4 g6 2.Nf3 Bg7 3.g3 d6 4.Bg2 Nf6 5.O-O O-O 6.c4 c6 7.Nc3 Qb6 8.e4 Bg4 
9.Qb3 Nfd7 10.Be3 Bxf3 11.Bxf3 Bxd4 12.Bxd4 Qxd4 13.Qxb7 Ne5 14.Be2 Nbd7 
15.Rad1 Qb6 16.Qxb6 Nxb6 17.c5 dxc5 18.b3 f6 19.Rd2 Rfd8 20.Rfd1 Nf7 21.
Ba6 Rxd2 22.Rxd2 Rd8 23.Rxd8+ Nxd8 24.a4 Kf8 25.a5 Nd7 26.f4 Nb8 27.Bc8 
1/2-1/2

[Event "8th EUR-ch"]
[Site "Dresden GER"]
[Date "2007.04.13"]
[Round "10.100"]
[White "Jovanovic, Zoran"]
[Black "Kuba, Guenter"]
[Result "1/2-1/2"]
[WhiteElo "2529"]
[BlackElo "2403"]
[EventDate "2007.04.03"]
[PlyCount "102"]

1.e4 e5 2.Nf3 Nc6 3.Bb5 a6 4.Ba4 Nf6 5.O-O Be7 6.Qe2 b5 7.Bb3 O-O 8.c3 d5 
9.d3 Bb7 10.Bg5 Na5 11.Bc2 dxe4 12.dxe4 Nd7 13.Bc1 Nc4 14.Rd1 c5 15.Nbd2 
Nxd2 16.Nxd2 Qc7 17.Nf1 Rfd8 18.Ng3 g6 19.Bh6 Nf8 20.Qg4 Rxd1+ 21.Rxd1 Rd8
22.Re1 Ne6 23.Nf5 Bf6 24.h4 Bc8 25.Ne3 Nd4 26.Qg3 Nxc2 27.Nxc2 Be6 28.Ne3 
Rd7 29.a3 Qd8 30.h5 Rd3 31.Ra1 Bb3 32.Qg4 Be6 33.Qg3 Bb3 34.Rc1 Be6 35.Rf1
a5 36.Ra1 a4 37.Re1 Qa8 38.Qf3 Be7 39.Rd1 Rxd1+ 40.Nxd1 Qd8 41.Ne3 b4 42.
Qe2 bxa3 43.bxa3 Qb6 44.Nd5 Bxd5 45.exd5 Qb1+ 46.Kh2 Qf5 47.hxg6 hxg6 48.
Be3 Qe4 49.Qb5 Qxd5 50.Qxa4 Kg7 51.c4 Qd3 1/2-1/2

[Event "8th EUR-ch"]
[Site "Dresden GER"]
[Date "2007.04.13"]
[Round "10.101"]
[White "Winants, Luc"]
[Black "Butnorius, Algimantas"]
[Result "1/2-1/2"]
[WhiteElo "2524"]
[BlackElo "2402"]
[EventDate "2007.04.03"]
[PlyCount "73"]

1.d4 Nf6 2.c4 e6 3.Nc3 Bb4 4.e3 O-O 5.Ne2 d5 6.cxd5 exd5 7.g3 c6 8.Bg2 Re8
9.O-O Bf8 10.Qc2 Na6 11.a3 Nc7 12.Bd2 g6 13.f3 c5 14.dxc5 Bxc5 15.Nd4 Ne6 
16.Nce2 Bb6 17.b4 Bd7 18.Qb2 Rc8 19.Kh1 Nxd4 20.Nxd4 Rc4 21.Rfe1 Qc8 22.
Nb3 Re6 23.Rac1 Rec6 24.Nc5 Bh3 25.Rxc4 Bxg2+ 26.Kxg2 dxc4 27.Qd4 Bxc5 28.
bxc5 Qd7 29.Bc3 Qxd4 30.Bxd4 Nd7 31.Rc1 Nxc5 32.Rxc4 b6 33.g4 f5 34.Kf1 
fxg4 35.fxg4 Kf7 36.Ke2 Ke6 37.e4 1/2-1/2

[Event "8th EUR-ch"]
[Site "Dresden GER"]
[Date "2007.04.13"]
[Round "10.102"]
[White "Petrik, Tomas"]
[Black "Erdogdu, Mert"]
[Result "0-1"]
[WhiteElo "2522"]
[BlackElo "2401"]
[EventDate "2007.04.03"]
[PlyCount "138"]

1.e4 e5 2.Nf3 Nc6 3.Bb5 Nf6 4.O-O Nxe4 5.Re1 Nd6 6.Nxe5 Nxe5 7.Rxe5+ Be7 
8.Bf1 O-O 9.d4 Bf6 10.Re1 Nf5 11.c3 d5 12.Bf4 Nd6 13.Nd2 Re8 14.Rxe8+ Nxe8
15.Qb3 Bg5 16.Bxg5 Qxg5 17.Re1 Nd6 18.Nf3 Qf5 19.Re5 Qb1 20.Re1 Qf5 21.c4 
dxc4 22.Qxc4 Qd7 23.Qd5 Qd8 24.Bd3 Be6 25.Qh5 g6 26.Qh6 Qf8 27.Qc1 c6 28.
a3 Bd5 29.Ne5 Re8 30.h4 Qe7 31.Qf4 Qd8 32.Re3 Re6 33.h5 g5 34.Qg3 h6 35.f4
Kg7 36.Qf2 f6 37.Ng4 Rxe3 38.Nxe3 Qe8 39.fxg5 fxg5 40.Qg3 Qe6 41.Ng4 Nf7 
42.Bg6 Qd6 43.Qe3 Qf4 44.Qxf4 gxf4 45.Kf2 Ng5 46.Ne5 Ne6 47.Bf7 Kf6 48.
Bxe6 Bxe6 49.Nd3 Kf5 50.b4 Bf7 51.Nc5 b6 52.Nd7 Bxh5 53.Ne5 Be8 54.Nc4 Bd7
55.Kf3 Kg5 56.Ne5 Be6 57.Kf2 Bd5 58.a4 Kf5 59.a5 bxa5 60.bxa5 c5 61.Nd3 
cxd4 62.Nc5 h5 63.Nd3 h4 64.Nc5 Be4 65.a6 d3 66.Nb3 Ke5 67.Kf1 Bd5 68.Nc5 
Kd4 69.Nb7 Bc4 0-1

[Event "8th EUR-ch"]
[Site "Dresden GER"]
[Date "2007.04.13"]
[Round "10.103"]
[White "Starostits, Ilmars"]
[Black "Martinovic, Sasa"]
[Result "1-0"]
[WhiteElo "2507"]
[BlackElo "2400"]
[EventDate "2007.04.03"]
[PlyCount "53"]

1.e4 e6 2.d4 d5 3.Nc3 Bb4 4.e5 c5 5.a3 Bxc3+ 6.bxc3 Qa5 7.Bd2 Qa4 8.Nf3 
Nc6 9.Bd3 c4 10.Be2 Bd7 11.O-O h6 12.Nh4 O-O-O 13.f4 Nge7 14.g4 f5 15.exf6
gxf6 16.f5 e5 17.dxe5 Nxe5 18.Bf4 Qa5 19.Qd2 Nxg4 20.Bxg4 Rhg8 21.h3 h5 
22.Bg3 hxg4 23.Qf4 Nc6 24.Ng6 Rde8 25.Rae1 gxh3 26.Kh2 Rxg6 27.Rxe8+ 1-0

[Event "8th EUR-ch"]
[Site "Dresden GER"]
[Date "2007.04.13"]
[Round "10.104"]
[White "Dgebuadze, Alexandre"]
[Black "Richter, Michael"]
[Result "1/2-1/2"]
[WhiteElo "2510"]
[BlackElo "2396"]
[EventDate "2007.04.03"]
[PlyCount "154"]

1.e4 c5 2.Nf3 Nc6 3.d4 cxd4 4.Nxd4 Nf6 5.Nc3 e5 6.Ndb5 d6 7.Bg5 a6 8.Na3 
b5 9.Nd5 Be7 10.Bxf6 Bxf6 11.c3 Bg5 12.Nc2 Ne7 13.a4 bxa4 14.Rxa4 O-O 15.
Bc4 a5 16.O-O Bd7 17.Ra3 Rc8 18.Qe2 Nxd5 19.Bxd5 a4 20.Nb4 Qb6 21.Rd1 Kh8 
22.Qa6 Qxa6 23.Nxa6 g6 24.Bb7 Rcd8 25.c4 f5 26.Raa1 fxe4 27.Bxe4 Rf4 28.f3
Rf6 29.Nb4 Be3+ 30.Kh1 Bc5 31.Nd5 Rdf8 32.Nc3 Rb8 33.Nxa4 Bd4 34.Ra2 Rb4 
35.Nc3 Rxc4 36.Ne2 Bc5 37.b3 Rb4 38.Bd5 Kg7 39.g3 h5 40.h4 Kh6 41.Kg2 e4 
42.f4 Bg4 43.Kf1 Bh3+ 44.Ke1 Rf8 45.Nc3 Bg4 46.Rdd2 e3 47.Rd3 Bf5 48.Rd1 
Re8 49.Ne2 Bh3 50.Rd3 Rbb8 51.Nd4 Rb4 52.Nf3 Bf5 53.Rd1 Reb8 54.Ng5 Bg4 
55.Rd3 Rd4 56.Rxd4 Bxd4 57.Rc2 Bc5 58.Kf1 Rb6 59.Nf7+ Kg7 60.Ng5 Ra6 61.
Ne6+ Kf6 62.Nxc5 dxc5 63.Kg2 Ra1 64.Bf3 Bf5 65.Re2 Be6 66.Rxe3 Rb1 67.Rc3 
Rb2+ 68.Kf1 Rxb3 69.Rxb3 Bxb3 70.g4 hxg4 71.Bxg4 Be6 72.Be2 c4 73.h5 gxh5 
74.Bxh5 Kf5 75.Ke1 c3 76.Kd1 Bb3+ 77.Kc1 Kxf4 1/2-1/2

[Event "8th EUR-ch"]
[Site "Dresden GER"]
[Date "2007.04.13"]
[Round "10.105"]
[White "Grooten, Herman"]
[Black "Stanojoski, Zvonko"]
[Result "1-0"]
[WhiteElo "2379"]
[BlackElo "2504"]
[EventDate "2007.04.03"]
[PlyCount "93"]

1.d4 Nf6 2.c4 c5 3.d5 b5 4.cxb5 a6 5.b6 Qxb6 6.Nc3 g6 7.e4 d6 8.Nf3 Bg7 9.
Nd2 O-O 10.Be2 a5 11.Nc4 Qd8 12.Bg5 Ba6 13.a4 Bxc4 14.Bxc4 Nbd7 15.O-O Rb8
16.b3 Rb4 17.Qc2 Ne8 18.Ra2 Rb8 19.Nb5 Ne5 20.Be2 f6 21.Bd2 Ra8 22.f4 Nd7 
23.Na3 Nb6 24.f5 gxf5 25.Rxf5 Nd7 26.Nc4 Ne5 27.Rh5 Nxc4 28.bxc4 f5 29.
exf5 Bd4+ 30.Kh1 Ng7 31.Rh3 Rf6 32.g4 h5 33.Bg5 Rf7 34.Raa3 Qd7 35.Bh6 Rb8
36.Rab3 Rbf8 37.Rb1 hxg4 38.Bxg4 Rxf5 39.Bxf5 Rxf5 40.Rg3 e6 41.dxe6 Qxe6 
42.Bxg7 Bxg7 43.Qg2 Qe5 44.Rb8+ Kh7 45.Rh3+ Rh5 46.Rxh5+ Qxh5 47.Qc2+ 1-0

[Event "8th EUR-ch"]
[Site "Dresden GER"]
[Date "2007.04.13"]
[Round "10.106"]
[White "Van der Weide, Karel"]
[Black "Atakisi, Umut"]
[Result "1-0"]
[WhiteElo "2502"]
[BlackElo "2392"]
[EventDate "2007.04.03"]
[PlyCount "137"]

1.e4 c5 2.Nf3 Nc6 3.d4 cxd4 4.Nxd4 Nf6 5.Nc3 e5 6.Ndb5 d6 7.Bg5 a6 8.Na3 
b5 9.Bxf6 gxf6 10.Nd5 Bg7 11.Bd3 Ne7 12.Nxe7 Qxe7 13.c3 f5 14.O-O O-O 15.
Nc2 Rb8 16.exf5 e4 17.Re1 Bxf5 18.Bf1 a5 19.a3 Bg6 20.Qd2 Kh8 21.Rad1 Be5 
22.Kh1 f5 23.Nd4 Be8 24.f4 exf3 25.Nxf3 Bc6 26.Nxe5 dxe5 27.Qd6 Qxd6 28.
Rxd6 Be4 29.Kg1 b4 30.axb4 axb4 31.c4 Ra8 32.Bd3 Ra2 33.Re2 Rc8 34.Bxe4 
fxe4 35.Kf2 Rxc4 36.Rd5 Kg7 37.Rxe5 Kf6 38.Rb5 Rd4 39.Ke3 Rd3+ 40.Kxe4 Rb3
41.Rb6+ Kg5 42.Rb5+ Kf6 43.Rf5+ Kg6 44.Rff2 Ra6 45.Kd4 Rc6 46.Re3 Rxe3 47.
Kxe3 b3 48.Rd2 h5 49.g3 Kf5 50.h3 Rc1 51.Rd5+ Kg6 52.Rd3 Re1+ 53.Kf2 Rc1 
54.Rxb3 Rc2+ 55.Kf3 Rh2 56.h4 Rd2 57.Rb6+ Kf5 58.Rb5+ Kg6 59.Rg5+ Kh6 60.
b4 Rd8 61.Ke4 Rd1 62.b5 Rd2 63.Rd5 Ra2 64.Rd6+ Kg7 65.Rd3 Rb2 66.Rd5 Kh6 
67.Kd4 Rg2 68.Rg5 Rc2 69.Kd5 1-0

[Event "8th EUR-ch"]
[Site "Dresden GER"]
[Date "2007.04.13"]
[Round "10.110"]
[White "Sowray, Peter"]
[Black "Simacek, Pavel"]
[Result "1/2-1/2"]
[WhiteElo "2317"]
[BlackElo "2495"]
[EventDate "2007.04.03"]
[PlyCount "69"]

1.e4 c5 2.Nf3 d6 3.d4 cxd4 4.Nxd4 Nf6 5.Nc3 a6 6.Qf3 g6 7.h3 Bg7 8.Be3 Bd7
9.O-O-O Nc6 10.Qe2 Rc8 11.f4 O-O 12.g4 Nxd4 13.Bxd4 Bc6 14.Qe3 b5 15.Bd3 
Qc7 16.g5 Nh5 17.Bxg7 Nxg7 18.Rhe1 b4 19.Ne2 Ba4 20.Nd4 e5 21.Nb3 Ne6 22.
f5 Bxb3 23.axb3 Nd4 24.Bc4 a5 25.fxg6 hxg6 26.Rf1 a4 27.Rxd4 exd4 28.Qxd4 
axb3 29.Bxb3 Qc5 30.Qf6 d5 31.exd5 Ra8 32.d6 Ra1+ 33.Kd2 Rxf1 34.Qxg6+ Kh8
35.Qh6+ 1/2-1/2

[Event "8th EUR-ch"]
[Site "Dresden GER"]
[Date "2007.04.13"]
[Round "10.111"]
[White "Loxine, Jakov"]
[Black "Iotov, Valentin"]
[Result "0-1"]
[WhiteElo "2301"]
[BlackElo "2491"]
[EventDate "2007.04.03"]
[PlyCount "64"]

1.c4 c5 2.Nf3 Nc6 3.Nc3 g6 4.e3 Bg7 5.d4 d6 6.d5 Na5 7.e4 Nf6 8.Bd3 O-O 9.
h3 e5 10.Bg5 h6 11.Be3 Nh5 12.Nd2 Nf4 13.Bf1 f5 14.g3 Nxh3 15.Bxh3 f4 16.
Bxc8 Rxc8 17.Nf1 fxe3 18.Nxe3 h5 19.Qe2 Bh6 20.b3 a6 21.Kd2 b5 22.Kd3 
bxc4+ 23.bxc4 Qf6 24.Rh2 Rb8 25.Rah1 Bg5 26.Rb1 Rb4 27.Rxb4 cxb4 28.Na4 
Qe7 29.Qb2 Qa7 30.c5 Qb8 31.Qc2 Qb5+ 32.Kd2 Nc4+ 0-1

[Event "8th EUR-ch"]
[Site "Dresden GER"]
[Date "2007.04.13"]
[Round "10.112"]
[White "Cornette, Matthieu"]
[Black "Vuilleumier, Alexandre"]
[Result "1/2-1/2"]
[WhiteElo "2490"]
[BlackElo "2343"]
[EventDate "2007.04.03"]
[PlyCount "84"]

1.e4 e5 2.Nf3 Nc6 3.Bb5 a6 4.Ba4 Nf6 5.O-O Be7 6.Re1 b5 7.Bb3 O-O 8.d4 
Nxd4 9.Nxd4 exd4 10.e5 Ne8 11.c3 d6 12.Qf3 Be6 13.cxd4 dxe5 14.dxe5 Qc8 
15.Nc3 c6 16.h3 Bxb3 17.axb3 Bb4 18.Re4 Bxc3 19.bxc3 Nc7 20.Rg4 Qe6 21.Qg3
g6 22.Bg5 Qxb3 23.Qh4 f5 24.exf6 Ne6 25.Qh6 Rf7 26.Bh4 Qxc3 27.Rc1 Qe5 28.
Rxc6 Rd8 29.f4 Qe4 30.Rxa6 Nd4 31.Bf2 Nf5 32.Qg5 b4 33.Ra5 b3 34.Qxf5 Qxf5
35.Rxf5 b2 36.Rb5 Rd1+ 37.Kh2 b1=Q 38.Rxb1 Rxb1 39.Bd4 Rd7 40.Be5 Rdd1 41.
f5 Kf7 42.fxg6+ hxg6 1/2-1/2

[Event "8th EUR-ch"]
[Site "Dresden GER"]
[Date "2007.04.13"]
[Round "10.113"]
[White "Zaragatski, Ilja"]
[Black "Beckhuis, Gernod"]
[Result "1/2-1/2"]
[WhiteElo "2464"]
[BlackElo "2313"]
[EventDate "2007.04.03"]
[PlyCount "99"]

1.e4 c5 2.Nf3 Nc6 3.d4 cxd4 4.Nxd4 g6 5.Nb3 Bg7 6.Be2 Nf6 7.Nc3 O-O 8.O-O 
d6 9.Re1 Be6 10.Bg5 h6 11.Bh4 Ne5 12.Nd5 g5 13.Nxf6+ Bxf6 14.Bg3 Qb6 15.c3
Rad8 16.Qc2 Nc6 17.Nd2 Rc8 18.Nc4 Bxc4 19.Bxc4 Nb4 20.Qb3 Rxc4 21.Qxc4 Nc2
22.Qb3 Qxb3 23.axb3 Nxe1 24.Rxe1 Ra8 25.Ra1 Kf8 26.f3 Ke8 27.Bf2 a5 28.Kf1
Kd7 29.Ke2 Kc6 30.Kd3 Ra6 31.g4 b5 32.h4 gxh4 33.Rh1 a4 34.bxa4 Rxa4 35.
Bxh4 Bxh4 36.Rxh4 Ra2 37.Kc2 Ra1 38.Rxh6 Rf1 39.Rh3 Rf2+ 40.Kd3 f6 41.b4 
d5 42.Rg3 e6 43.e5 fxe5 44.g5 Rh2 45.g6 Rh8 46.Ke3 Kd6 47.Rg5 Rg8 48.g7 
Ke7 49.Rxe5 Rxg7 50.Rh5 1/2-1/2

[Event "8th EUR-ch"]
[Site "Dresden GER"]
[Date "2007.04.13"]
[Round "10.114"]
[White "Eichner, Sebastian"]
[Black "Iskusnyh, Sergei"]
[Result "1/2-1/2"]
[WhiteElo "2286"]
[BlackElo "2463"]
[EventDate "2007.04.03"]
[PlyCount "65"]

1.Nf3 Nf6 2.c4 c6 3.d4 d5 4.Nc3 e6 5.Bg5 Nbd7 6.e3 Qa5 7.cxd5 Nxd5 8.Qd2 
Bb4 9.Rc1 h6 10.Bh4 c5 11.a3 Bxc3 12.bxc3 b6 13.Bd3 Ba6 14.O-O cxd4 15.
Bxa6 Qxa6 16.Qxd4 O-O 17.e4 Nf4 18.Qxd7 Ne2+ 19.Kh1 Nxc1 20.Rxc1 Qxa3 21.
Qd2 Rac8 22.Nd4 Rc4 23.Nb5 Qb3 24.Nd6 Rc7 25.e5 a5 26.Ne4 Qa4 27.Nf6+ gxf6
28.Qxh6 Rxc3 29.Rg1 Qe4 30.Bxf6 Qh7 31.Qg5+ Qg6 32.Qh4 Qh7 33.Qg5+ 1/2-1/2

[Event "8th EUR-ch"]
[Site "Dresden GER"]
[Date "2007.04.13"]
[Round "10.115"]
[White "Banusz, Tamas"]
[Black "Vaznonis, Vytautas"]
[Result "1-0"]
[WhiteElo "2463"]
[BlackElo "2282"]
[EventDate "2007.04.03"]
[PlyCount "97"]

1.Nf3 Nf6 2.c4 c6 3.d4 d5 4.Nc3 dxc4 5.a4 Bf5 6.e3 e6 7.Bxc4 Bb4 8.O-O O-O
9.Nh4 a5 10.Nxf5 exf5 11.Qc2 Qd7 12.Rd1 Na6 13.f3 Rfe8 14.Bd3 g6 15.Qf2 
Bf8 16.Bc4 Nb4 17.Bb3 Bg7 18.Qh4 Nh5 19.g4 Nf6 20.gxf5 Qxf5 21.Kg2 g5 22.
Qg3 Qg6 23.e4 g4 24.Kh1 h5 25.e5 Nfd5 26.fxg4 hxg4 27.Rg1 f6 28.exf6 Qxf6 
29.Nxd5 cxd5 30.Qxg4 Re6 31.Bg5 Qg6 32.Bf4 Qxg4 33.Rxg4 Kf7 34.Bd2 Rf6 35.
Bxb4 axb4 36.Bxd5+ Kf8 37.Rag1 Ra5 38.Rxg7 Rxd5 39.Rxb7 Rxd4 40.Rc1 Re6 
41.a5 Rd8 42.Rxb4 Ke7 43.Ra1 Re2 44.a6 Rh8 45.h4 Kd6 46.a7 Kc5 47.Rb8 
Rxh4+ 48.Kg1 Ree4 49.Rg8 1-0

[Event "8th EUR-ch"]
[Site "Dresden GER"]
[Date "2007.04.13"]
[Round "10.116"]
[White "Guseinov, Elmir"]
[Black "Yaksin, Oleg"]
[Result "1-0"]
[WhiteElo "2457"]
[BlackElo "2258"]
[EventDate "2007.04.03"]
[PlyCount "71"]

1.c4 Nf6 2.Nc3 c5 3.g3 g6 4.Bg2 Bg7 5.Nf3 O-O 6.O-O d5 7.cxd5 Nxd5 8.Qb3 
Nxc3 9.dxc3 Nc6 10.Rd1 Qc7 11.Qc4 Ne5 12.Nxe5 Bxe5 13.Bh6 Bg7 14.Be3 Qb6 
15.Rd2 Be6 16.Qxc5 Qxc5 17.Bxc5 Rfd8 18.Rad1 Rxd2 19.Rxd2 Bxa2 20.Bxb7 Rb8
21.Bf3 a5 22.Bxe7 a4 23.Kg2 f5 24.Ba3 Bf8 25.Rd4 Bxa3 26.bxa3 Bb3 27.Bc6 
Bf7 28.Rxa4 Rb2 29.e3 Rc2 30.c4 Rxc4 31.Rxc4 Bxc4 32.Kf3 Kf7 33.e4 fxe4+ 
34.Kxe4 Ke6 35.Kd4 Ba6 36.Kc5 1-0

[Event "8th EUR-ch"]
[Site "Dresden GER"]
[Date "2007.04.13"]
[Round "10.117"]
[White "Pert, Richard"]
[Black "Logothetis, Sotirios"]
[Result "1/2-1/2"]
[WhiteElo "2455"]
[BlackElo "2221"]
[EventDate "2007.04.03"]
[PlyCount "104"]

1.d4 d5 2.Nf3 Nf6 3.c4 dxc4 4.e3 e6 5.Bxc4 c5 6.O-O a6 7.dxc5 Bxc5 8.Qxd8+
Kxd8 9.Nbd2 Ke7 10.Be2 Bd7 11.Nb3 Bb6 12.Ne5 Bb5 13.Bxb5 axb5 14.Bd2 Na6 
15.Rfc1 Ne4 16.Be1 Rac8 17.Kf1 Rhd8 18.Ke2 Nd6 19.Rxc8 Rxc8 20.Rc1 Rxc1 
21.Nxc1 f6 22.Ned3 e5 23.Kd1 Kd7 24.Kc2 Ne4 25.Nb3 Nec5 26.Ndxc5+ Nxc5 27.
Nxc5+ Bxc5 28.Kd3 f5 29.f3 g6 30.h3 h5 31.g3 Ke6 32.e4 Bd4 33.b3 Bc5 34.g4
hxg4 35.hxg4 fxg4 36.fxg4 Bd4 37.Bb4 Kf6 38.Bd2 Ke6 39.Bh6 Kd6 40.Bf8+ Kc6
41.Bb4 Bg1 42.Bc3 Bh2 43.Be1 Bg1 44.Bd2 Bf2 45.Bc3 Bg3 46.Bb2 Bf4 47.Ba3 
Bh2 48.Bf8 Bg1 49.Bb4 Bh2 50.Bd2 Bg1 51.Be1 Bh2 52.Bf2 Bf4 1/2-1/2

[Event "8th EUR-ch"]
[Site "Dresden GER"]
[Date "2007.04.13"]
[Round "10.119"]
[White "Luther, Thomas"]
[Black "Khmelniker, Ilya"]
[Result "0-1"]
[WhiteElo "2586"]
[BlackElo "2411"]
[EventDate "2007.04.03"]
[PlyCount "84"]

1.e4 e5 2.Nf3 Nc6 3.Bb5 a6 4.Ba4 Nf6 5.O-O b5 6.Bb3 Bc5 7.a4 Rb8 8.axb5 
axb5 9.Nxe5 Nxe5 10.d4 Bxd4 11.Qxd4 d6 12.c3 O-O 13.Bg5 c5 14.Qe3 Bb7 15.
Nd2 c4 16.Bd1 Re8 17.Qd4 Nc6 18.Bxf6 Qxf6 19.Qxf6 gxf6 20.b3 Ne5 21.Bc2 
cxb3 22.Bxb3 Rec8 23.Rfc1 Nd3 24.Rc2 Rc7 25.Kf1 Rbc8 26.Bd5 Bxd5 27.exd5 
f5 28.Nb3 b4 29.Nd4 Rxc3 30.Rxc3 bxc3 31.Nxf5 Re8 32.Nxd6 Rd8 33.Ke2 Nc5 
34.Nxf7 Re8+ 35.Kd1 Kxf7 36.Ra3 Ne4 37.f3 Nf6 38.d6 Nd5 39.Ra7+ Ke6 40.
Rxh7 Kxd6 41.Ra7 Kc5 42.g4 Kc4 0-1

[Event "8th EUR-ch"]
[Site "Dresden GER"]
[Date "2007.04.13"]
[Round "10.122"]
[White "Rogozenko, Dorian"]
[Black "Ardeleanu, Alin"]
[Result "1/2-1/2"]
[WhiteElo "2528"]
[BlackElo "2407"]
[EventDate "2007.04.03"]
[PlyCount "97"]

1.d4 Nf6 2.c4 g6 3.Nf3 Bg7 4.g3 O-O 5.Bg2 c5 6.O-O cxd4 7.Nxd4 Nc6 8.Nc3 
Qa5 9.Nc2 Qh5 10.Nd5 d6 11.Nf4 Qc5 12.Ne3 Ng4 13.Qa4 Nce5 14.Nfd5 Nxe3 15.
Bxe3 Qxc4 16.Nxe7+ Kh8 17.Qd1 Bg4 18.Re1 Be6 19.b3 Qb5 20.Nd5 Qd7 21.Rc1 
Nc6 22.Qd2 Rac8 23.Red1 Rcd8 24.b4 a6 25.a3 Kg8 26.Bg5 f6 27.Be3 Bf7 28.a4
Kh8 29.f4 Rfe8 30.Bb6 Rc8 31.Bf2 Bxd5 32.Bxd5 Ne7 33.Bf3 Rxc1 34.Rxc1 d5 
35.a5 f5 36.Rd1 h5 37.e4 fxe4 38.Bxe4 Qb5 39.Bf3 Rd8 40.Bb6 Rd7 41.Re1 d4 
42.Bc5 Nf5 43.Be4 Qc4 44.Bd3 Qf7 45.Qg2 Bf8 46.Re5 Bg7 47.Re1 Bf8 48.Re5 
Bg7 49.Re1 1/2-1/2